000
00330nam a2200133Ia 4500
008
240624s9999 xx 000 0 und d
041
_a
eng
082
_a
828 UPA
100
_a
UPADHYAYA RAJNIKANT
245
_a
LEARN MEDITATION
260
_c
2006
_a
New Delhi
_b
Lotus Press
300
_a
v, : 133 : p. : cm. ; 23
365
_c
RS
_b
25
999
_c
23701
_d
23701